00257 a2200121 4500001000700000020000600007040001100013100005000024240002400074245001900098300000700117440001100124173913 a  cMagnum aCamargo, Maria Helena Guimarães Pompêo de10aOs dois cisneslpor10aOs dois cisnes a24 1aLoyola